The Boys definitive edition /

Bibliographic Details
Main Author: Ennis, Garth
Other Authors: Robertson, Darick, Snejbjerg, Peter
Format: Book
Language:English
Published: Runnemede, N.J. : Dynamite Entertainment, 2008-
Subjects:

MARC

Tag First Indicator Second Indicator Subfields
LEADER 00000cam a2200000 a 4500
001 in00002594635
005 20151201120026.0
008 080908m20089999njua 6 000 1 eng
015 |a GBA8A8266  |2 bnb 
016 7 |a 014750199  |2 Uk 
020 |a 9781933305806 (v. 1 : cased) 
020 |a 1933305800 (v. 1 : cased) 
020 |a 9781606900734 (v. 2 : cased) 
020 |a 1606900730 (v. 2 : cased) 
020 |a 9781606901656 ( v. 3 : cased) 
020 |a 1606901656 (v. 3 : cased) 
020 |a 9781606903407 (v. 4 : cased) 
020 |a 1606903403 (v. 4 : cased) 
035 |a (OCoLC)ocn248994539 
040 |a UKM  |c UKM  |d UtOrBLW 
042 |a ukblsr 
049 |a TXAM 
082 0 4 |a 741.5973  |2 22 
090 |a PN6728.B69  |b E562 2008 
100 1 |a Ennis, Garth. 
245 1 4 |a The Boys definitive edition /  |c written by: Garth Ennis ; illustrated by: Darick Robertson & Peter Snejbjerg ; additional inks by: Rodney Ramos ; colored by: Tony Aviña ; lettered by Greg Thompson & Simon Bowland. 
264 1 |a Runnemede, N.J. :  |b Dynamite Entertainment,  |c 2008- 
300 |a volumes :  |b chiefly color illustrations ;  |c 32 cm. 
336 |a text  |b txt  |2 rdacontent 
337 |a unmediated  |b n  |2 rdamedia 
338 |a volume  |b nc  |2 rdacarrier 
500 |a Volume 1 collects The Boys #1-14, published by Wildstorm Productions/DC Comics (1-6) and Dynamite Entertainment (7-14) -- volume 2 collects The Boys #15-30, published by Dynamite Entertainment -- volume 3 collects The Boys #31-38 and The Boys : Herogasm #1-4, published by Dynamite Entertainment -- volume 4 contains materials originated published in the Boys [#39-47]. 
650 0 |a Heroes  |v Comic books, strips, etc.  |v Fiction. 
650 0 |a Science fiction comic books, strips, etc. 
700 1 |a Robertson, Darick. 
700 1 |a Snejbjerg, Peter. 
948 |a cataloged  |b h  |c 2010/5/11  |d c  |e bhartsfi  |f 9:30:05 am 
994 |a C0  |b TXA 
999 |a MARS 
999 f f |s f4d51c72-53b2-3304-bdbd-9864afd036b6  |i 40ba7399-a456-3e4f-a2ce-0ce8cd0b244d  |t 0 
952 f f |p normal  |a Texas A&M University  |b College Station  |c Sterling C. Evans Library  |s Evans stk  |d Evans: Library Stacks  |t 0  |e PN6728.B69 E562 2008  |h Library of Congress classification  |i unmediated -- volume  |k v.3  |m A14842396435 
952 f f |p normal  |a Texas A&M University  |b College Station  |c Sterling C. Evans Library  |s Evans stk  |d Evans: Library Stacks  |t 0  |e PN6728.B69 E562 2008  |h Library of Congress classification  |i unmediated -- volume  |k v.4  |m A14842476443 
952 f f |p normal  |a Texas A&M University  |b College Station  |c Sterling C. Evans Library  |s Evans stk  |d Evans: Library Stacks  |t 0  |e PN6728.B69 E562 2008  |h Library of Congress classification  |i unmediated -- volume  |k v.1  |m A14839144668 
952 f f |p normal  |a Texas A&M University  |b College Station  |c Sterling C. Evans Library  |s Evans stk  |d Evans: Library Stacks  |t 0  |e PN6728.B69 E562 2008  |h Library of Congress classification  |i unmediated -- volume  |k v.2  |m A14839145258 
998 f f |a PN6728.B69 E562 2008  |s v.1-4  |t 0  |l Evans: Library Stacks